000 00679nam a2200229Ia 4500
003 OSt
005 20220923224507.0
006 a|||||r|||| 00| 0
007 ta
008 Pun
024 _a236,725
037 _cTextual
040 _aARTS
_cARTS
_bPun
041 _2Pun
_aPun
082 _aO153,1L30:g, H5
245 0 _aਹੀਰ ਵਾਰਸ Fਾਹ
260 _aਅਮ੍ਰਿਤਸਰ
_b ਭਾਈ ਜਵਾਹਰ ਸਿੰਘ ਕ੍ਰਿਪਾਲ ਸਿੰਘ ਪੁਸਤਕਾਂ ਵਾਲੇ
_c1945
300 _a340ਪੰ
_ccm.
650 _aਪੰਜਾਬੀ ਸਾਹਿਤ
942 _hO153,1L30:g, H5
_cTEXL
_2CC
999 _c371812
_d371812